Dạy học nêu vấn đề

Guardat en:
Dades bibliogràfiques
Autor principal: I Ia Lecne
Format: Llibre
Idioma:Undetermined
Publicat: Hà Nội Giáo dục 1977
Matèries:
Etiquetes: Afegir etiqueta
Sense etiquetes, Sigues el primer a etiquetar aquest registre!
Thư viện lưu trữ: Trung tâm Học liệu Trường Đại học Cần Thơ
LEADER 00475nam a2200169Ia 4500
001 CTU_6120
008 210402s9999 xx 000 0 und d
082 |a 371.3 
082 |b L464 
100 |a I Ia Lecne 
245 0 |a Dạy học nêu vấn đề 
245 0 |c I Ia Lecne, Phan Tất Đắc 
260 |a Hà Nội 
260 |b Giáo dục 
260 |c 1977 
650 |a education,study, method of 
980 |a Trung tâm Học liệu Trường Đại học Cần Thơ